Classical and Medieval Elements (Greek, Chinese, Buddhist, Alchemy) - Statistics

General Stats
  • This quiz has been taken 1,293 times
    95 since last reset
  • The average score is 9 of 13
Answer Stats
Element % Correct
Air
100%
Earth
100%
Fire
100%
Water
100%
Wind
98%
Metal
73%
Wood
70%
Aether
44%
Space
44%
Void
44%
Mercury
41%
Sulphur
22%
Salt
21%
No matching quizzes found
Score Distribution
Percent of People with Each Score
Percentile by Number Answered
Your Score History
You have not taken this quiz since the last reset